000 00536nam a2200169Ia 4500
003 GCL
008 140319s9999 xx 000 0 ara d
040 _aGCL /
_cGCL
082 0 4 _a219.3
_bم ف
100 1 _aمحمد عزيز نظمى سالم
245 1 0 _aالفكرالسياسى والحكم فى الاسلام /
_cمحمد عزيز نظمى سالم
260 _a[S.N] :
_bمؤسسة شباب الجامعة
300 _a264 ص
490 _a
650 0 4 _aالنظام السياسى فى الاسلام
942 _2ddc
_cBK
999 _c49094
_d49094